Porovnanie vybraného podniku s konkurenciou bakalárska práca

Enregistré dans:
Détails bibliographiques
Auteur principal: Stolár, Adrián
Collectivité auteur: Fakulta podnikového manažmentu EU. Katedra manažmentu
Autres auteurs: Záležáková, Eliška
Format: Livre
Langue:slovaque
Publié: Bratislava 2009
Tags: Ajouter un tag
Pas de tags, Soyez le premier à ajouter un tag!

MARC

LEADER 00000nam$a2200000$$$4500
001 0103313
005 20240320075324.1
041 0 |a slo 
044 |a SK 
245 1 0 |a Porovnanie vybraného podniku s konkurenciou  |b bakalárska práca  |c Adrián Stolár ; škol. Eliška Záležáková 
264 1 |a Bratislava  |c 2009 
300 |a 38 s. 
100 1 |a Stolár, Adrián 
700 1 |a Záležáková, Eliška 
710 2 |a Fakulta podnikového manažmentu EU. Katedra manažmentu